Disney-Zeichentrickserien 2010-2019 - Statistiken

Allgemein
  • Dieses Quiz wurde 21 mal gespielt
  • Das Durchschnittsergebnis liegt bei 3 aus 24
Antwortstatistiken
Jahr Beschreibung Name % Korrekt
2017 Prinzessin mit sehr langem Haar Rapunzel: Die Serie
63%
2017 Neue Geschichten aus Entenhausen DuckTales
47%
2013 Sommerferien mit Dipper und Mabel Willkommen in Gravity Falls
37%
2015 Kinder verschiedener Disney-Bösewichte Descendants - Verhexte Welt
32%
2013 Mädchen wird adlig und zieht in ein Schloss Sofia die Erste - Auf einmal Prinzessin
32%
2018 Hiro und sein Roboter sind Superhelden Baymax - Robowabohu in Serie
26%
2016 Der junge Löwe Kion soll das Land schützen Die Garde der Löwen
16%
2011 Abenteuer von Jake, Izzy, Cubby und Skully Jake und die Nimmerland Piraten
16%
2015 Prinzessin aus der Dimension Mewni Star gegen die Mächte des Bösen
16%
2014 Zwerge gegen böse Zauberer Die 7Z
11%
2017 Mädchen regiert Königreich in der Karibik Elena von Avalor
11%
2010 Junger Extremsportler macht Stunts Kick Buttowski - Keiner kann alles
11%
2018 Familie zieht vom Land in die Großstadt Big City Greens
5%
2017 Junge ist ständig in Unfälle verwickelt Schlimmer geht's immer mit Milo Murphy
5%
2017 Schülerexperiment endet im Erdkern Billy Dilleys super-duper Sommer Abenteuer
0%
2010 Drei Fische erleben Abenteuer Der Fisch-Club
0%
2018 Mädchen macht das Beste aus jeder Situation Fancy Nancy Clancy
0%
2017 Ein Junge, eine Zeitmaschine und ein Wurm Future-Worm!
0%
2016 Gemüse und Nuss erleben Abenteuer Gurke & Peanut
0%
2017 Maus nimmt an einem Autorennen teil Micky und die flinken Flitzer
0%
2015 Teenager rettet nach der Schule die Welt Penn Zero - Teilzeitheld
0%
2013 Der Ninja aus der 9. Klasse Randy Cunningham
0%
2014 Daueroptimist reist durch die Galaxie Sie nannten ihn Wander
0%
2012 Beck gegen Clu in der Computerwelt TRON: Der Aufstand
0%
Keine übereinstimmenden Quizze gefunden
Verteilung der Resultate
Anzahl Personen mit jedem Resultat
Perzentil nach korrekt beantworteten Fragen
Ihre Resultats-Entwicklung
Sie haben dieses Quiz noch nicht gespielt